banner koha

Tecnologia do cafe, 3 (Registro n. 122253)

MARC details
000 -LÍDER
campo de controle de tamanho fixo 00798nas a2200277 4500
001 - NÚMERO DE CONTROLE
campo de controle BR8800492
003 - IDENTIFICADOR DO NÚMERO DE CONTROLE
campo de controle BR-BrBNA
005 - DATA E HORÁRIO DA ÚLTIMA TRANSAÇÃO
campo de controle 20231205091022.0
007 - CAMPO FIXO DE DESCRIÇÃO FÍSICA--INFORMAÇÃO GERAL
campo de controle de tamanho fixo ta
008 - CAMPO DE DADOS FIXOS--INFORMAÇÃO GERAL
campo de controle de tamanho fixo 230509b bl.|||p| |||| 00| 00por d
040 ## - FONTE DA CATALOGAÇÃO
Instituição da catalogação original BR-BrBNA
Idioma da catalogação por
Instituição que transcreveu o registro Biblioteca Nacional de Agricultura
041 ## - CÓDIGO DE IDIOMA
Código do idioma do texto/trilha sonora ou título diferente (Pt)
072 ## - CÓDIGO DE CATEGORIA DE ASSUNTO
Código de Categoria de Assunto Q02
100 1# - ENTRADA PRINCIPAL--NOME PESSOAL
Nome pessoal Masson, M.L.
100 1# - ENTRADA PRINCIPAL--NOME PESSOAL
Nome pessoal Soccol, C.R.
100 1# - ENTRADA PRINCIPAL--NOME PESSOAL
Nome pessoal Vassao, E.C.
100 1# - ENTRADA PRINCIPAL--NOME PESSOAL
Nome pessoal Pinheiro, L.I.
100 1# - ENTRADA PRINCIPAL--NOME PESSOAL
Nome pessoal Schulz, J.G.
100 1# - ENTRADA PRINCIPAL--NOME PESSOAL
Nome pessoal Matos, M.E. de
100 1# - ENTRADA PRINCIPAL--NOME PESSOAL
Nome pessoal Fontoura, P.S.G.
245 1# - TÍTULO
Título Tecnologia do cafe, 3
650 ## - ASSUNTO--TERMO TÓPICO
Cabeçalho tópico ou nome geográfico CAFE TRATADO
773 0# - ENTRADA ANALÍTICA
Título Boletim do Centro de Pesquisa e Processamento de Alimentos (Brazil)
ISSN - International Standard Serial Number ISSN 0102-0323
Partes relacionadas (Jul-Dec 1985), v. 3(2) p. 1-9
Número de controle do registro BR8800492
909 ## -
-- 202311
-- Lúcia
-- 55
-- Lúcia Elande
942 ## - ELEMENTOS DE ENTRADA ADICIONADOS (KOHA)
Fonte da classificação ou esquema de arquivamento na estante Classificação AGRIS
Ocultar no OPAC Não
Tipo de material Koha Analítica
Exemplares
Situação do descarte Fonte da classificação ou esquema de arquivamento na estante Situação física Não pode ser emprestado Biblioteca de origem Biblioteca atual Localização na estante Enumeração do periódico / cronologia Total de empréstimos Data de último acesso Número do exemplar Tipo de material Koha Fonte de aquisição
  Classificação AGRIS   Consulta local Biblioteca Nacional de Agricultura - Binagri Biblioteca Nacional de Agricultura - Binagri   (Jul-Dec 1985), v. 3(2) p. 1-9   29/11/2023 01 Periódicos Portaria Interministerial nº 164/94

BINAGRI

Telefone: (61)3218-2567/2388/3357/2097 - binagri@agro.gov.br

Ministério da Agricultura e Pecuária , Esplanada dos Ministérios, Bloco D, Anexo B, Brasília/DF, CEP: 70.043-900